Analýza migrácie s použitím systému indikátorov MIPEX bakalárska práca

Saved in:
Bibliographic Details
Main Author: Lakotová, Dominika
Corporate Author: Fakulta hospodárskej informatiky EU. Katedra štatistiky
Other Authors: Gavuliak, Roman
Format: Book
Language:Slovak
Published: Bratislava 2012
Tags: Add Tag
No Tags, Be the first to tag this record!

MARC

LEADER 00000nbm a2200000 4500
001 0156160
005 20161109111942.1
041 0 |a slo 
044 |a SK 
245 1 0 |a Analýza migrácie s použitím systému indikátorov MIPEX  |b bakalárska práca  |c Dominika Lakotová ; školiteľ: Roman Gavuliak 
264 1 |a Bratislava  |c 2012 
300 |a 47 s. 
100 1 |a Lakotová, Dominika 
700 1 |a Gavuliak, Roman 
710 2 |a Fakulta hospodárskej informatiky EU. Katedra štatistiky